Hannah Montana Theme Song Lyrics - Statistics

General Stats
  • This quiz has been taken 270 times
  • The average score is 12 of 13
Answer Stats
Lyrics % Correct
You get the {best} of both worlds
99%
Who would've thought that a {girl} like me
97%
You get the best of both {worlds}
97%
Then you rock out the {show}
96%
and you know that it's the best of {both} worlds (Haha)
95%
(Come on)You get the {limo} out front (Ooh-whoa)
95%
Mix it all {together}
95%
Yeah, when you're famous it can be kinda {fun}
95%
every shoe, every {color}
94%
Would double as a {superstar}? (Wow!)
94%
It's really you but no one ever {discovers}
87%
Hottest {styles},
72%
{Chill} it out, take it slow
67%
No matching quizzes found
Score Distribution
Percent of People with Each Score
Percentile by Number Answered
Your Score History
You have not taken this quiz